| 000 | 01697cam a2200421 i 4500 | ||
|---|---|---|---|
| 001 | 19205478 | ||
| 005 | 20250328145516.0 | ||
| 008 | 160803s2016 enka b 000 0 eng d | ||
| 010 | _a 2016949923 | ||
| 020 | _a1785361120 | ||
| 020 | _a9781785361128 | ||
| 020 | _a1785361104 | ||
| 035 | _a(OCoLC)ocn958351224 | ||
| 042 | _alccopycat | ||
| 082 | 0 | 4 | _a338.542 ALL |
| 100 | 1 | _aAllen, Roy E., | |
| 245 | 1 | 0 | _aFinancial Crises And Recession In The Global Economy |
| 250 | _a4th | ||
| 260 |
_aUK _bEdward Elgar Publishing Limited _c2016 |
||
| 264 | 1 |
_aCheltenham, UK : _bEdward Elgar Publishing, _c2016. |
|
| 300 |
_a197 pages : _billustrations ; _c24 cm |
||
| 336 |
_atext _btxt _2rdacontent |
||
| 337 |
_aunmediated _bn _2rdamedia |
||
| 338 |
_avolume _bnc _2rdacarrier |
||
| 504 | _aIncludes bibliographical references and index. | ||
| 520 | _aThis new edition of Financial Crises and Recession in the Global Economy explores the major financial instabilities and evolutionary trends in the global economy since the 1970s. A learned but accessible book, it is perfect for a broad audience of academics and practitioners but has also been used as a supplementary textbook for courses in international economics, international finance, money and banking, and macroeconomics. | ||
| 650 | 0 | _aFinancial crises | |
| 650 | 0 | _aRecessions. | |
| 650 | 0 | _aEconomic history | |
| 650 | 0 | _aInternational finance. | |
| 650 | 7 | _aEconomic history. | |
| 650 | 7 | _aFinancial crises. | |
| 650 | 7 | _aInternational finance. | |
| 650 | 7 | _aRecessions. | |
| 906 |
_a7 _bcbc _ccopycat _d2 _encip _f20 _gy-gencatlg |
||
| 942 | _cBK | ||
| 999 |
_c43469 _d43469 |
||